[Event "4NCL Division 1b"]
[Site "Hinckley Island ENG"]
[Date "2014.11.16"]
[Round "2.151"]
[White "Sadler, Matthew"]
[Black "Conquest, Stuart C"]
[Result "1-0"]
[WhiteElo "2653"]
[BlackElo "2495"]
[PlyCount "141"]
[EventDate "2014.11.16"]
[WhiteTeam "Guildford 1"]
[BlackTeam "e2e4.org.uk 1"]

1. e4 c5 2. Nf3 d6 3. d4 Nf6 4. Nc3 cxd4 5. Nxd4 Nc6 6. Bc4 Qb6 7. Nb3 e6 8.
Bg5 a6 9. Bxf6 gxf6 10. Qh5 Bd7 11. O-O Ne5 12. Be2 Ng6 13. g3 Rc8 14. Kh1 Ne7
15. Rad1 Bg7 16. Rd2 f5 17. Rfd1 Bc6 18. Rxd6 O-O 19. Kg1 Rfd8 20. Rxd8+ Rxd8
21. Rxd8+ Qxd8 22. exf5 Nxf5 23. Bf3 Qc7 24. Bxc6 Qxc6 25. Qg5 h6 26. Qd8+ Kh7
27. Qd3 Qd6 28. Qxd6 Nxd6 29. Nd1 Kg6 30. Kg2 f5 31. Nc5 Kf7 32. c3 Bf6 33. Ne3
Bd8 34. Kf3 Bb6 35. Nd3 Kf6 36. a4 Ba7 37. Ke2 e5 38. b3 Ke6 39. f3 Bb6 40. Nb2
Bc7 41. Nbc4 Nf7 42. g4 fxg4 43. fxg4 e4 44. h4 Bd8 45. Nf5 Bf6 46. Nd4+ Kd5
47. Nb6+ Kd6 48. Ke3 Bd8 49. Nf5+ Ke6 50. a5 Ke5 51. c4 h5 52. Nd7+ Ke6 53.
Nc5+ Ke5 54. Nd7+ Ke6 55. Nc5+ Ke5 56. Nxb7 hxg4 57. Nxd8 Nxd8 58. Ng3 Nc6 59.
h5 Nxa5 60. Nxe4 Kf5 61. c5 Nc6 62. Ng3+ Ke5 63. h6 Kf6 64. Ke4 Nb4 65. h7 Kg7
66. Ke5 Kxh7 67. Kd6 Kg6 68. c6 Nxc6 69. Kxc6 Kg5 70. Kb6 Kh4 71. Nf1 1-0

[Event "4NCL Division 1b"]
[Site "Hinckley Island ENG"]
[Date "2014.11.16"]
[Round "2.152"]
[White "Longson, Alexander"]
[Black "van Kampen, Robin"]
[Result "1/2-1/2"]
[WhiteElo "2331"]
[BlackElo "2612"]
[PlyCount "44"]
[EventDate "2014.11.16"]
[WhiteTeam "e2e4.org.uk 1"]
[BlackTeam "Guildford 1"]

1. e4 c5 2. Nf3 e6 3. g3 Nc6 4. Bg2 Nf6 5. d3 d5 6. Qe2 Be7 7. O-O O-O 8. e5
Nd7 9. c4 d4 10. h4 Qc7 11. Bf4 Rb8 12. Nbd2 b5 13. h5 bxc4 14. Nxc4 Ba6 15.
Rfe1 Nb4 16. Qd2 Nb6 17. b3 N6d5 18. Bg5 Nc3 19. h6 g6 20. Bxe7 Qxe7 21. a3 Nc6
22. b4 Bxc4 1/2-1/2

[Event "4NCL Division 1b"]
[Site "Hinckley Island ENG"]
[Date "2014.11.16"]
[Round "2.153"]
[White "Edouard, Romain"]
[Black "Sowray, Peter J"]
[Result "1-0"]
[WhiteElo "2659"]
[BlackElo "2364"]
[PlyCount "59"]
[EventDate "2014.11.16"]
[WhiteTeam "Guildford 1"]
[BlackTeam "e2e4.org.uk 1"]

1. e4 e6 2. d4 d5 3. Nc3 Bb4 4. e5 c5 5. a3 Bxc3+ 6. bxc3 Ne7 7. Qg4 cxd4 8.
Qxg7 Rg8 9. Qxh7 Qc7 10. Ne2 Nbc6 11. f4 Bd7 12. Qd3 dxc3 13. h4 O-O-O 14. h5
d4 15. h6 Rg6 16. h7 Rh8 17. Nxd4 Nxd4 18. Qxd4 Nf5 19. Qxa7 Qc6 20. Be3 Qe4
21. Rh3 Qxc2 22. Rc1 Qb2 23. Qa8+ Kc7 24. Qa5+ Kc8 25. Rxc3+ Bc6 26. Bc1 Qb1
27. Rhd3 Ne7 28. Qa8+ Kc7 29. Qxh8 Nd5 30. Qf8 1-0

[Event "4NCL Division 1b"]
[Site "Hinckley Island ENG"]
[Date "2014.11.16"]
[Round "2.154"]
[White "Jackson, James P"]
[Black "Pert, Nick"]
[Result "1/2-1/2"]
[WhiteElo "2352"]
[BlackElo "2564"]
[PlyCount "63"]
[EventDate "2014.11.16"]
[WhiteTeam "e2e4.org.uk 1"]
[BlackTeam "Guildford 1"]

1. e4 e6 2. d4 d5 3. Nc3 Bb4 4. e5 Ne7 5. a3 Bxc3+ 6. bxc3 c5 7. Qg4 Qc7 8. Bd3
cxd4 9. Ne2 dxc3 10. Qxg7 Rg8 11. Qxh7 Qxe5 12. h4 Nd7 13. Bf4 Qf6 14. Bg5 Qh8
15. Qxh8 Rxh8 16. Nxc3 a6 17. O-O-O f6 18. Be3 Ne5 19. Be2 Nf5 20. g4 Nxe3 21.
fxe3 Bd7 22. e4 Rc8 23. Kb2 Nc4+ 24. Bxc4 Rxc4 25. exd5 Rxg4 26. dxe6 Bxe6 27.
Rhe1 Kf7 28. Ne4 Rf4 29. h5 Rxh5 30. Nd6+ Ke7 31. Nc8+ Kf7 32. Nd6+ 1/2-1/2

[Event "4NCL Division 1b"]
[Site "Hinckley Island ENG"]
[Date "2014.11.16"]
[Round "2.155"]
[White "Suarez Real, Alberto"]
[Black "Rudd, Jack"]
[Result "1-0"]
[WhiteElo "2417"]
[BlackElo "2254"]
[PlyCount "51"]
[EventDate "2014.11.16"]
[WhiteTeam "Guildford 1"]
[BlackTeam "e2e4.org.uk 1"]

1. e4 e5 2. Nf3 Nc6 3. Nc3 Nf6 4. g3 g6 5. d4 exd4 6. Nxd4 Bg7 7. Nde2 O-O 8.
Bg2 d6 9. h3 Be6 10. O-O Qd7 11. Nf4 Bc4 12. Re1 Rae8 13. Qd2 Ne5 14. b3 Ba6
15. Ba3 Kh8 16. Rad1 Ng8 17. Nfd5 b5 18. f4 Nc6 19. e5 dxe5 20. Bxf8 Rxf8 21.
Qf2 Qd6 22. Ne4 Qa3 23. Qc5 Qxc5+ 24. Nxc5 exf4 25. Nxa6 fxg3 26. Naxc7 1-0

[Event "4NCL Division 1b"]
[Site "Hinckley Island ENG"]
[Date "2014.11.16"]
[Round "2.156"]
[White "Burrows, Martin P"]
[Black "Le Roux, Jean-Pierre"]
[Result "0-1"]
[WhiteElo "2130"]
[BlackElo "2537"]
[PlyCount "56"]
[EventDate "2014.11.16"]
[WhiteTeam "e2e4.org.uk 1"]
[BlackTeam "Guildford 1"]

1. e4 c6 2. d4 d5 3. e5 Bf5 4. Nf3 e6 5. Be2 Nd7 6. O-O Bg6 7. a4 a6 8. Nbd2
Nh6 9. a5 Rc8 10. c4 Be7 11. Qb3 Rc7 12. Re1 O-O 13. Nf1 Nf5 14. Bf4 Bh5 15.
Red1 Bxf3 16. Bxf3 Bg5 17. Bxg5 Qxg5 18. c5 f6 19. exf6 Qxf6 20. Ra4 Nh4 21.
Qe3 Nxf3+ 22. gxf3 e5 23. dxe5 Nxe5 24. Nd2 Re7 25. Qc3 Qg6+ 26. Kh1 Nd3 27.
Rf1 Re1 28. h3 Rxf3 0-1

[Event "4NCL Division 1b"]
[Site "Hinckley Island ENG"]
[Date "2014.11.16"]
[Round "2.157"]
[White "Flear, Glenn"]
[Black "Byron, Alan M"]
[Result "1/2-1/2"]
[WhiteElo "2462"]
[BlackElo "2192"]
[PlyCount "95"]
[EventDate "2014.11.16"]
[WhiteTeam "Guildford 1"]
[BlackTeam "e2e4.org.uk 1"]

1. d4 Nf6 2. c4 e6 3. Nc3 Bb4 4. e3 O-O 5. Bd3 c5 6. Nge2 d5 7. O-O cxd4 8.
exd4 dxc4 9. Bxc4 Nc6 10. a3 Be7 11. Qd3 a6 12. Rd1 b5 13. Ba2 Ra7 14. Qg3 Kh8
15. Be3 Rd7 16. Rac1 Bb7 17. Nf4 Nxd4 18. Bxd4 Rxd4 19. Bxe6 Ne4 20. Qg4 Qb6
21. Nxe4 Bxe4 22. Bd5 Rxd1+ 23. Rxd1 Bg6 24. h4 Qf6 25. Nxg6+ fxg6 26. Rd2 Qxh4
27. Qxh4 Bxh4 28. Re2 h6 29. b4 Kh7 30. Bb7 Bf6 31. Bxa6 Ra8 32. Re6 Bb2 33.
Bxb5 Rxa3 34. Be8 Bf6 35. b5 Ra1+ 36. Kh2 Ra2 37. f3 Ra7 38. b6 Re7 39. Rxe7
Bxe7 40. b7 Bd6+ 41. Kg1 Kg8 42. Bxg6 Kf8 43. Kf2 Ke7 44. Ke3 Kd8 45. Kd4 Kc7
46. Be4 Be7 47. Kd5 Bf6 48. Ke6 1/2-1/2

[Event "4NCL Division 1b"]
[Site "Hinckley Island ENG"]
[Date "2014.11.16"]
[Round "2.158"]
[White "Norinkeviciute, Rasa"]
[Black "Ciuksyte, Dagne"]
[Result "0-1"]
[WhiteElo "2018"]
[BlackElo "2338"]
[PlyCount "58"]
[EventDate "2014.11.16"]
[WhiteTeam "e2e4.org.uk 1"]
[BlackTeam "Guildford 1"]

1. c4 c5 2. g3 e6 3. Bg2 d5 4. Nf3 d4 5. e3 Nc6 6. exd4 cxd4 7. d3 Nf6 8. O-O
Bd6 9. Na3 O-O 10. Nc2 e5 11. a3 a5 12. Rb1 a4 13. b3 axb3 14. Rxb3 Nd7 15. Rb5
Nc5 16. Ng5 Bf5 17. Nb4 Nxb4 18. axb4 Nxd3 19. Bxb7 Ra1 20. Qf3 Bg6 21. Bd2 Ra2
22. Qd1 Rb2 23. c5 Bxc5 24. Ne4 Qd7 25. Rxc5 Qxb7 26. Nd6 Qd7 27. Bc1 Nxc1 28.
Qxc1 Rb1 29. Qc4 Rxf1+ 0-1

[Event "4NCL Division 1b"]
[Site "Hinckley Island ENG"]
[Date "2014.11.16"]
[Round "2.161"]
[White "Roberson, Peter T"]
[Black "Howell, David WL"]
[Result "0-1"]
[WhiteElo "2415"]
[BlackElo "2667"]
[PlyCount "108"]
[EventDate "2014.11.16"]
[WhiteTeam "Grantham Sharks 1"]
[BlackTeam "Cheddleton 1"]

1. e4 c5 2. Nc3 Nc6 3. Bb5 Nd4 4. Bc4 a6 5. a4 Nf6 6. Nge2 e6 7. O-O d5 8. exd5
exd5 9. Ba2 Bg4 10. h3 Nxe2+ 11. Nxe2 Bd7 12. Nf4 Bc6 13. d4 c4 14. Re1+ Be7
15. b3 b5 16. Ba3 Ra7 17. axb5 axb5 18. Bc5 Rd7 19. bxc4 bxc4 20. Bb1 O-O 21.
Rxe7 Rxe7 22. c3 Rfe8 23. Bxe7 Qxe7 24. Bc2 g6 25. Qf3 Kg7 26. Qg3 Qb7 27. Rb1
Qa7 28. Rf1 Qa2 29. Bb1 Qd2 30. Kh2 Kg8 31. Qh4 Kg7 32. Qg3 Re1 33. Rxe1 Qxe1
34. Bf5 Kf8 35. Qh4 Ke7 36. Bg4 Qxc3 37. Ne2 Qb4 38. Qg5 Qd6+ 39. f4 Kf8 40.
Nc3 Kg7 41. Qe5 Qxe5 42. fxe5 Nxg4+ 43. hxg4 Kh6 44. Kh3 Kg5 45. Kg3 Bb7 46.
Nd1 Bc8 47. Ne3 c3 48. Kf2 Bxg4 49. Ke1 Be6 50. g3 h5 51. Ke2 h4 52. gxh4+ Kf4
53. Nc2 Bg4+ 54. Kd3 Bf5+ 0-1

[Event "4NCL Division 1b"]
[Site "Hinckley Island ENG"]
[Date "2014.11.16"]
[Round "2.162"]
[White "Hawkins, Jonathan"]
[Black "Ghasi, Ameet K"]
[Result "1-0"]
[WhiteElo "2546"]
[BlackElo "2475"]
[PlyCount "55"]
[EventDate "2014.11.16"]
[WhiteTeam "Cheddleton 1"]
[BlackTeam "Grantham Sharks 1"]

1. d4 Nf6 2. c4 c6 3. Nc3 d5 4. Nf3 a6 5. e3 b5 6. b3 Bg4 7. Bd2 Nbd7 8. h3
Bxf3 9. Qxf3 b4 10. Na4 e5 11. cxd5 cxd5 12. dxe5 Ne4 13. Qf4 g6 14. Rd1 Qa5
15. Bd3 Nxd2 16. Rxd2 Bg7 17. e6 fxe6 18. Qd6 Kd8 19. Rc2 Bc3+ 20. Nxc3 bxc3
21. Qxe6 Qc5 22. b4 Qxb4 23. Qxd5 Ke7 24. O-O Rhc8 25. Rfc1 Ra7 26. Be2 Rc5 27.
Qg8 Rac7 28. Qxh7+ 1-0

[Event "4NCL Division 1b"]
[Site "Hinckley Island ENG"]
[Date "2014.11.16"]
[Round "2.163"]
[White "Rendle, Thomas E"]
[Black "Williams, Simon K"]
[Result "1/2-1/2"]
[WhiteElo "2383"]
[BlackElo "2451"]
[PlyCount "30"]
[EventDate "2014.11.16"]
[WhiteTeam "Grantham Sharks 1"]
[BlackTeam "Cheddleton 1"]

1. e4 d6 2. d4 Nf6 3. Nc3 g6 4. Nf3 Bg7 5. Be2 O-O 6. O-O Bg4 7. Re1 Nc6 8. d5
Bxf3 9. Bxf3 Ne5 10. Be2 c6 11. f4 Ned7 12. Bf3 cxd5 13. Nxd5 Nxd5 14. exd5 Rc8
15. c3 b5 1/2-1/2

[Event "4NCL Division 1b"]
[Site "Hinckley Island ENG"]
[Date "2014.11.16"]
[Round "2.164"]
[White "Eggleston, David J"]
[Black "Grund, Holger"]
[Result "1-0"]
[WhiteElo "2426"]
[BlackElo "2415"]
[PlyCount "85"]
[EventDate "2014.11.16"]
[WhiteTeam "Cheddleton 1"]
[BlackTeam "Grantham Sharks 1"]

1. e4 c6 2. d4 d5 3. Nc3 dxe4 4. Nxe4 Bf5 5. Ng3 Bg6 6. h4 h6 7. Nf3 Nd7 8. h5
Bh7 9. Bd3 Bxd3 10. Qxd3 Ngf6 11. Bd2 e6 12. O-O-O Qc7 13. Ne4 O-O-O 14. Kb1
Kb8 15. c4 Ka8 16. g3 Nxe4 17. Qxe4 Nf6 18. Qe2 c5 19. Bf4 Bd6 20. Bxd6 Rxd6
21. dxc5 Qxc5 22. Rxd6 Qxd6 23. Ne5 Rd8 24. Nxf7 Qd2 25. Re1 Rd4 26. Qxd2 Rxd2
27. Rxe6 Rxf2 28. a3 Kb8 29. Re7 Rd2 30. g4 Nxg4 31. c5 Nf6 32. Nd6 b6 33. b4
bxc5 34. bxc5 Rd5 35. Rb7+ Ka8 36. Rxg7 a6 37. Rf7 Nxh5 38. Nc4 Kb8 39. c6 Rb5+
40. Ka2 Rc5 41. Rb7+ Kc8 42. Nd6+ Kd8 43. Rd7# 1-0

[Event "4NCL Division 1b"]
[Site "Hinckley Island ENG"]
[Date "2014.11.16"]
[Round "2.165"]
[White "Batchelor, Peter J"]
[Black "Arkell, Keith C"]
[Result "1-0"]
[WhiteElo "2236"]
[BlackElo "2460"]
[PlyCount "101"]
[EventDate "2014.11.16"]
[WhiteTeam "Grantham Sharks 1"]
[BlackTeam "Cheddleton 1"]

1. d4 e6 2. c4 Bb4+ 3. Bd2 Bxd2+ 4. Qxd2 d5 5. Nc3 Nf6 6. Nf3 O-O 7. e3 Nbd7 8.
Qc2 Qe7 9. cxd5 exd5 10. Bd3 c6 11. O-O Re8 12. Rab1 g6 13. b4 a6 14. a4 Nb6
15. Rfc1 Be6 16. b5 cxb5 17. axb5 a5 18. Qa2 a4 19. Ra1 Rec8 20. Qa3 Kf8 21.
Nd2 Rc7 22. Ne2 Qxa3 23. Rxa3 Rxc1+ 24. Nxc1 Ne8 25. f3 Nd6 26. Ne2 Nbc4 27.
Bxc4 dxc4 28. Nc3 Bd7 29. Rxa4 Rxa4 30. Nxa4 Bxb5 31. Nc3 Ba6 32. Kf2 f5 33.
Ndb1 b5 34. Nd5 Bb7 35. Nb4 g5 36. Nc3 Ke7 37. g3 h5 38. h4 g4 39. fxg4 fxg4
40. d5 Kf6 41. e4 Ke5 42. Ke3 Ba8 43. Na6 Bb7 44. Nb8 Nxe4 45. Nxe4 Bxd5 46.
Nd7+ Kf5 47. Nc3 Bc6 48. Nb8 Be8 49. Na6 Bd7 50. Kd4 Kf6 51. Nc7 1-0

[Event "4NCL Division 1b"]
[Site "Hinckley Island ENG"]
[Date "2014.11.16"]
[Round "2.166"]
[White "Radovanovic, Jovica"]
[Black "Foisor, Veronica"]
[Result "1/2-1/2"]
[WhiteElo "2303"]
[BlackElo "2232"]
[PlyCount "62"]
[EventDate "2014.11.16"]
[WhiteTeam "Cheddleton 1"]
[BlackTeam "Grantham Sharks 1"]

1. d4 Nf6 2. Nf3 e6 3. c4 d5 4. g3 c5 5. cxd5 exd5 6. Bg2 Nc6 7. O-O Ng4 8. Ne5
cxd4 9. Nxg4 Bxg4 10. Qb3 Qd7 11. Qxd5 Qxd5 12. Bxd5 Bc5 13. Nd2 O-O 14. Ne4
Bb6 15. Bf4 Rad8 16. Bxc6 bxc6 17. a4 Rd5 18. b4 Re8 19. a5 Bd8 20. f3 Bf5 21.
Ra2 Bxe4 22. fxe4 Rxe4 23. Rc1 Re6 24. Rac2 g5 25. Bb8 Rb5 26. Bxa7 Rxb4 27.
Rxc6 Bxa5 28. Rxe6 fxe6 29. Rc5 Rb1+ 30. Kg2 Bc3 31. Rxg5+ Kf7 1/2-1/2

[Event "4NCL Division 1b"]
[Site "Hinckley Island ENG"]
[Date "2014.11.16"]
[Round "2.167"]
[White "Williams, Samuel G"]
[Black "Oswald, David C"]
[Result "1/2-1/2"]
[WhiteElo "2257"]
[BlackElo "2107"]
[PlyCount "130"]
[EventDate "2014.11.16"]
[WhiteTeam "Grantham Sharks 1"]
[BlackTeam "Cheddleton 1"]

1. d4 d5 2. c4 e6 3. Nc3 c6 4. Nf3 dxc4 5. Bg5 Qc7 6. g3 Nf6 7. Bg2 b5 8. O-O
Bb7 9. Re1 Nbd7 10. e4 Bb4 11. Bf4 Qb6 12. Qc2 O-O 13. Ne5 Nxe5 14. Bxe5 Nd7
15. Bf4 Rfd8 16. Rad1 Nf6 17. a3 Bxc3 18. Qxc3 c5 19. Be5 Ne8 20. d5 f6 21. Bf4
e5 22. Be3 Qc7 23. f4 Qd6 24. fxe5 fxe5 25. b3 a5 26. a4 b4 27. Qxc4 Rdc8 28.
Bf1 Ba6 29. Qc2 Bxf1 30. Rxf1 Ra7 31. Rc1 Rac7 32. Qe2 Nf6 33. Rc4 Nd7 34. Rfc1
Nb6 35. R4c2 c4 36. bxc4 Nxa4 37. c5 Nxc5 38. Qb5 Nd7 39. Rc6 Rxc6 40. dxc6 Nf6
41. Qa6 Qe6 42. Qxa5 b3 43. c7 b2 44. Rb1 Qb3 45. Qb6 Qc4 46. Qxb2 Qxc7 47. Rc1
Qd7 48. Rxc8+ Qxc8 49. Qxe5 Qg4 50. Qb8+ Kf7 51. Qb3+ Qe6 52. Qxe6+ Kxe6 53.
Bd4 Nxe4 54. Bxg7 Kf5 55. Kg2 h5 56. h3 Nd6 57. Kf3 Nf7 58. Bb2 Ng5+ 59. Kg2
Nf7 60. Bc1 Ne5 61. Bf4 Nd7 62. Kf3 Nf6 63. Bc1 Nd7 64. Bb2 Nf8 65. Ba3 Ne6
1/2-1/2

[Event "4NCL Division 1b"]
[Site "Hinckley Island ENG"]
[Date "2014.11.16"]
[Round "2.168"]
[White "Steil-Antoni, Fiona"]
[Black "Murphy, Hugh W"]
[Result "0-1"]
[WhiteElo "2109"]
[BlackElo "2166"]
[PlyCount "96"]
[EventDate "2014.11.16"]
[WhiteTeam "Cheddleton 1"]
[BlackTeam "Grantham Sharks 1"]

1. e4 c6 2. Ne2 d5 3. e5 c5 4. d4 Nc6 5. c3 cxd4 6. cxd4 Bf5 7. Nbc3 e6 8. Ng3
Bg6 9. Be3 Nge7 10. h4 Qb6 11. Qd2 Nf5 12. Nxf5 Bxf5 13. Be2 h6 14. O-O g5 15.
g4 Bh7 16. h5 Be7 17. Kg2 O-O-O 18. Rac1 Kb8 19. Na4 Qb4 20. Qd1 Rc8 21. a3 Qa5
22. b4 Qd8 23. Nc5 Bxc5 24. Rxc5 f5 25. f3 fxg4 26. fxg4 Be4+ 27. Kg3 Rf8 28.
Rxf8 Qxf8 29. b5 Na5 30. Rxc8+ Qxc8 31. Qd2 Nc4 32. Bxc4 Qxc4 33. Qf2 Qc2 34.
Qf8+ Kc7 35. Qd6+ Kc8 36. Qxe6+ Kc7 37. Qd6+ Kc8 38. Qe6+ Kc7 39. Qf7+ Kb6 40.
Qf2 Qd1 41. Qf8 Kxb5 42. Qf7 Ka6 43. Qe6+ Ka5 44. Qf7 Qh1 45. Kf2 Qg2+ 46. Ke1
Bf3 47. Bd2+ Ka4 48. Qd7+ b5 0-1

[Event "4NCL Division 1b"]
[Site "Hinckley Island ENG"]
[Date "2014.11.16"]
[Round "2.171"]
[White "Wallace, John-Paul"]
[Black "Suarez Garcia, Carlos"]
[Result "1/2-1/2"]
[WhiteElo "2403"]
[BlackElo "2377"]
[PlyCount "113"]
[EventDate "2014.11.16"]
[WhiteTeam "Cambridge University 1"]
[BlackTeam "Hackney 1"]

1. e4 d6 2. d4 Nf6 3. f3 d5 4. e5 Nfd7 5. f4 c5 6. Nf3 Nc6 7. Nc3 e6 8. Ne2 a6
9. c3 b5 10. a3 Bb7 11. g4 cxd4 12. cxd4 Qa5+ 13. Bd2 Qb6 14. f5 Be7 15. h4
O-O-O 16. Bh3 Kb8 17. Bf4 Ka8 18. Bg3 Nf8 19. Ng5 Bxg5 20. hxg5 g6 21. f6 a5
22. b4 Nd7 23. Bg2 Rc8 24. Bf2 Ndb8 25. Nf4 Na6 26. Nd3 Ncb8 27. Qd2 a4 28. Nc5
Nc6 29. Rb1 Nxc5 30. bxc5 Qa5 31. Bf1 Qxd2+ 32. Kxd2 Ba6 33. Ke3 Na5 34. Bxb5
Bxb5 35. Rxb5 Nc6 36. Rb6 Ka7 37. Be1 Rc7 38. Bb4 Rcc8 39. Kd3 Rc7 40. Rh2 Rcc8
41. Rb2 Rc7 42. Bd2 Rb8 43. Rxb8 Nxb8 44. Ba5 Rc8 45. Rh2 Rh8 46. Bc7 Nc6 47.
Bd6 Ka8 48. Kc3 Ka7 49. Rh1 Ka8 50. Rb1 Rc8 51. Rb5 Ka7 52. Rb6 Ka8 53. Ra6+
Kb7 54. Rb6+ Ka8 55. Bf8 Ka7 56. Bg7 Rc7 57. Bf8 1/2-1/2

[Event "4NCL Division 1b"]
[Site "Hinckley Island ENG"]
[Date "2014.11.16"]
[Round "2.172"]
[White "Lyell, Mark"]
[Black "Camus, Guillaume"]
[Result "1/2-1/2"]
[WhiteElo "2294"]
[BlackElo "2364"]
[PlyCount "62"]
[EventDate "2014.11.16"]
[WhiteTeam "Hackney 1"]
[BlackTeam "Cambridge University 1"]

1. e4 c5 2. Nc3 e6 3. Nge2 Nc6 4. g3 d6 5. Bg2 Nf6 6. O-O Be7 7. d3 O-O 8. h3
Rb8 9. f4 d5 10. Kh1 b5 11. a3 b4 12. axb4 cxb4 13. Nb1 dxe4 14. dxe4 Qb6 15.
Qd3 Rd8 16. Be3 Bc5 17. Bxc5 Qxc5 18. Qb3 a5 19. e5 Ba6 20. exf6 Bxe2 21. Rc1
gxf6 22. g4 Rd4 23. Kh2 Rxf4 24. Qg3 e5 25. Nd2 Nd4 26. Nb3 Nxb3 27. cxb3 Qd4
28. Rc2 Bd1 29. Rcc1 Be2 30. Rc2 Bd1 31. Rcc1 Be2 1/2-1/2

[Event "4NCL Division 1b"]
[Site "Hinckley Island ENG"]
[Date "2014.11.16"]
[Round "2.173"]
[White "Haria, Ravi"]
[Black "Eames, Robert S"]
[Result "1/2-1/2"]
[WhiteElo "2100"]
[BlackElo "2232"]
[PlyCount "90"]
[EventDate "2014.11.16"]
[WhiteTeam "Cambridge University 1"]
[BlackTeam "Hackney 1"]

1. Nf3 f5 2. c4 Nf6 3. Nc3 g6 4. d3 d6 5. e4 e5 6. Be2 Bg7 7. O-O O-O 8. exf5
gxf5 9. d4 e4 10. Ng5 Nc6 11. d5 Ne5 12. f4 Ng6 13. Be3 h6 14. Nh3 c5 15. dxc6
bxc6 16. Qd2 Be6 17. Rad1 d5 18. cxd5 Nxd5 19. Bc4 Nge7 20. Qf2 Qe8 21. Bxd5
Nxd5 22. Nxd5 Bxd5 23. Bd4 Bxd4 24. Rxd4 Qe6 25. Qe3 Rf7 26. Nf2 Bxa2 27. Nd1
Bd5 28. Qd2 Rb8 29. Ne3 Rfb7 30. b4 a5 31. bxa5 Rb2 32. Qd1 Ra2 33. Rd2 Rxa5
34. Qh5 Rf8 35. g4 fxg4 36. f5 Qf7 37. Qxh6 Qg7 38. Qf4 Ra1 39. Rg2 Rxf1+ 40.
Qxf1 Qd4 41. Qf4 Kf7 42. Qc7+ Kf6 43. Qd6+ Kf7 44. Qc7+ Kf6 45. Qd6+ Kf7
1/2-1/2

[Event "4NCL Division 1b"]
[Site "Hinckley Island ENG"]
[Date "2014.11.16"]
[Round "2.174"]
[White "Eden, Tomer"]
[Black "Bisby, Daniel L"]
[Result "0-1"]
[WhiteElo "2197"]
[BlackElo "2310"]
[PlyCount "96"]
[EventDate "2014.11.16"]
[WhiteTeam "Hackney 1"]
[BlackTeam "Cambridge University 1"]

1. Nf3 d6 2. g3 e5 3. Bg2 f5 4. d3 Nf6 5. O-O Be7 6. c4 O-O 7. Nc3 Qe8 8. c5
Kh8 9. cxd6 cxd6 10. Qb3 Nc6 11. Bg5 Qh5 12. Bxf6 Bxf6 13. e3 Rb8 14. Nd2 Bd7
15. Nc4 f4 16. Nxd6 f3 17. Bh1 Be7 18. Nde4 Qh3 19. Nd2 Bg4 20. Rfc1 Bg5 21.
Nf1 Be6 22. Qd1 Qh5 23. Ne4 Be7 24. Nfd2 Bg4 25. Qb3 Bb4 26. a3 Ba5 27. Nc4 Bc7
28. Ncd6 Qg6 29. Nc4 Be6 30. Qd1 Rbd8 31. Nc5 Bd5 32. Nxb7 Rde8 33. Nc5 Qg4 34.
Nd2 Bb6 35. b4 Rf6 36. Nf1 Rh6 37. Qa4 Qh3 38. b5 Ne7 39. e4 Bg8 40. Bxf3 Rf8
41. Bg2 Qc8 42. Qb4 Rhf6 43. d4 Rxf2 44. Nd3 Rxg2+ 45. Kxg2 Qg4 46. Nc5 Nd5 47.
Qd2 Nf4+ 48. Kf2 Ne2+ 0-1

[Event "4NCL Division 1b"]
[Site "Hinckley Island ENG"]
[Date "2014.11.16"]
[Round "2.175"]
[White "Spencer, Carl J"]
[Black "Cenal Gutierrez, Ruben"]
[Result "1/2-1/2"]
[WhiteElo "2183"]
[BlackElo "2206"]
[PlyCount "69"]
[EventDate "2014.11.16"]
[WhiteTeam "Cambridge University 1"]
[BlackTeam "Hackney 1"]

1. d4 d5 2. c4 c6 3. Nf3 Nf6 4. Nc3 e6 5. e3 Nbd7 6. Bd3 dxc4 7. Bxc4 Bd6 8. e4
b5 9. Bd3 e5 10. O-O O-O 11. h3 Re8 12. a3 a6 13. Bg5 h6 14. Bh4 exd4 15. Nxd4
Ne5 16. Bc2 c5 17. f4 cxd4 18. fxe5 Bxe5 19. Nd5 Re6 20. Bxf6 Bxf6 21. Bb3 Be5
22. Qf3 Ra7 23. Rac1 Kh8 24. Qh5 f6 25. Nb4 Qe8 26. Bxe6 Qxh5 27. Rxc8+ Kh7 28.
Nc6 d3 29. Nxa7 Bd4+ 30. Kh1 Qe2 31. Bf5+ g6 32. Rc7+ Kh8 33. Rc8+ Kh7 34. Rc7+
Kh8 35. Rc8+ 1/2-1/2

[Event "4NCL Division 1b"]
[Site "Hinckley Island ENG"]
[Date "2014.11.16"]
[Round "2.176"]
[White "Walker, Nicholas P"]
[Black "McClement, Andrew"]
[Result "0-1"]
[WhiteElo "2182"]
[BlackElo "2191"]
[PlyCount "56"]
[EventDate "2014.11.16"]
[WhiteTeam "Hackney 1"]
[BlackTeam "Cambridge University 1"]

1. c4 Nf6 2. Nc3 e6 3. e4 d5 4. e5 d4 5. exf6 dxc3 6. bxc3 Qxf6 7. d4 c5 8. Nf3
cxd4 9. Bg5 Qf5 10. cxd4 Bb4+ 11. Bd2 Nc6 12. a3 Bxd2+ 13. Qxd2 O-O 14. Bd3 Qf6
15. O-O Rd8 16. d5 exd5 17. cxd5 Ne7 18. Rab1 Nxd5 19. Qc2 g6 20. Be4 b6 21.
Qb2 Kg7 22. Ne5 Be6 23. f4 Rac8 24. Rf3 Nxf4 25. g3 Rd4 26. Bb7 Qxe5 27. gxf4
Rd1+ 28. Kf2 Rc2+ 0-1

[Event "4NCL Division 1b"]
[Site "Hinckley Island ENG"]
[Date "2014.11.16"]
[Round "2.177"]
[White "Bukojemski, Adam"]
[Black "Ociepka, Adrian"]
[Result "1/2-1/2"]
[WhiteElo "2215"]
[BlackElo "2124"]
[PlyCount "62"]
[EventDate "2014.11.16"]
[WhiteTeam "Cambridge University 1"]
[BlackTeam "Hackney 1"]

1. e4 c5 2. Nf3 d6 3. Nc3 Nf6 4. d4 cxd4 5. Nxd4 a6 6. h3 e5 7. Nf3 Qc7 8. Bg5
Nbd7 9. Nd5 Nxd5 10. Qxd5 Nc5 11. Qc4 Be6 12. Qc3 Rc8 13. Nd2 b5 14. Qg3 Na4
15. b3 Qc3 16. Qxc3 Nxc3 17. a4 f6 18. Be3 d5 19. exd5 Bxd5 20. axb5 axb5 21.
f3 Bb4 22. Bxb5+ Nxb5 23. c4 Bc6 24. cxb5 Bxb5 25. Kf2 O-O 26. Rhc1 Rxc1 27.
Rxc1 Ra8 28. Nc4 g5 29. Nb6 Ra2+ 30. Kg1 Kf7 31. Nd5 Ba3 1/2-1/2

[Event "4NCL Division 1b"]
[Site "Hinckley Island ENG"]
[Date "2014.11.16"]
[Round "2.178"]
[White "Roberts, Lynda"]
[Black "Chevannes, Sabrina L"]
[Result "0-1"]
[WhiteElo "1915"]
[BlackElo "2163"]
[PlyCount "106"]
[EventDate "2014.11.16"]
[WhiteTeam "Hackney 1"]
[BlackTeam "Cambridge University 1"]

1. e4 c6 2. d4 d5 3. exd5 cxd5 4. c4 Nf6 5. Nc3 e6 6. Nf3 Nc6 7. Bg5 Be7 8. Be2
O-O 9. O-O h6 10. Bh4 b6 11. Rc1 Bb7 12. cxd5 Nxd5 13. Bxe7 Ncxe7 14. Ne5 Nf5
15. Nxd5 Bxd5 16. Bf3 Bxf3 17. Nxf3 Qd5 18. Qa4 a5 19. Qc4 Rfd8 20. Rfd1 b5 21.
Qxd5 Rxd5 22. g4 Ne7 23. Rc7 Ng6 24. Rdc1 Nf4 25. Kf1 Rad8 26. Rc8 Rxc8 27.
Rxc8+ Kh7 28. Rc5 Nd3 29. Rc2 Nb4 30. Rc7 f6 31. a3 Nd3 32. Rc2 Nf4 33. Rc5 Kg6
34. Rxd5 Nxd5 35. Ke2 h5 36. gxh5+ Kxh5 37. Nd2 a4 38. Ne4 Kg4 39. Nd6 Nc7 40.
Ke3 Kh3 41. f4 f5 42. Kf3 Kxh2 43. d5 Nxd5 44. Nxb5 e5 45. fxe5 g5 46. Nc3 g4+
47. Ke2 g3 48. e6 g2 49. Nxd5 g1=Q 50. e7 Qg2+ 51. Ke1 Qe4+ 52. Kf2 f4 53. Kf1
f3 0-1

[Event "4NCL Division 1b"]
[Site "Hinckley Island ENG"]
[Date "2014.11.16"]
[Round "2.181"]
[White "Zakarian, David"]
[Black "Buchicchio, Giampaolo"]
[Result "1/2-1/2"]
[WhiteElo "2400"]
[BlackElo "2295"]
[PlyCount "98"]
[EventDate "2014.11.16"]
[WhiteTeam "Oxford 1"]
[BlackTeam "Barbican 4NCL 2"]

1. d4 d5 2. Nf3 Nf6 3. c4 c6 4. e3 e6 5. Bd3 Nbd7 6. O-O Be7 7. b3 Ne4 8. Bb2
O-O 9. Qc2 f5 10. Ne5 Nxe5 11. dxe5 Bd7 12. Nc3 Qe8 13. Rfd1 Rc8 14. Rac1 a6
15. Na4 Nc5 16. Nb6 Nxd3 17. Rxd3 Rd8 18. Qc3 Qg6 19. Rcd1 Be8 20. cxd5 exd5
21. Nc4 Qe6 22. Nd6 Rd7 23. Nxe8 Rxe8 24. b4 d4 25. exd4 Qxa2 26. e6 Rdd8 27.
Re3 Bf6 28. Ra1 Qd5 29. Qe1 Rd6 30. Ra5 b5 31. e7 Rd7 32. Rxa6 Rdxe7 33. Qc3
Rc8 34. g3 Rd7 35. Qe1 Kf7 36. Qe2 g6 37. Ra1 Rcd8 38. Re1 Kg7 39. h4 f4 40.
gxf4 Rf7 41. Rc1 Qf5 42. Rxc6 Bxd4 43. Re8 Rxe8 44. Bxd4+ Kh6 45. Qxe8 Qg4+ 46.
Kf1 Qd1+ 47. Kg2 Qg4+ 48. Kf1 Qd1+ 49. Kg2 Qg4+ 1/2-1/2